000 00285nam a22001217a 4500
040 _cSK
082 _a352
100 _aលិ វុឌ្ឍី
245 _aការគ្រប់គ្រងសត្វព្រៃ
260 _aRUA
_bលិ
_c2007
300 _a69p.
942 _cKB
999 _c9213
_d9213